01160nam a2200301 a 450000100060000000300080000600500170001400800410003103500190007203500170009104000320010804100080014008200240014824501060017225000380027826000490031630000340036549000430039950002030044250400320064550500130067765000240069065000150071465000200072965000180074970000470076783000440081472315BD-RjUL20211209082239.0170516s1956 nyua b 000 0 eng d a(BD-RjUL)72532 aGLIS00373632 aUUMcUUMdMYGdBD-RjULbeng aeng 223a547.2bCAT 195600aCatalytic reactions, photochemical reactions, electrolytic reactions /cV.I. Komarewsky ... [et. al.] a2nd completely rev. and augm. ed. aNew York :bInterscience Publishers,cc1956. aix, 543p. :billus. ;c24 cm.1 aTechnique of organic chemistry, vv. 2 aCatalytic reactions, by V.I. Komarewsky, C.H. Riesz and F.I. Morritz.--Photochemical reactions, by C.R. Masson, V. Boekelheide and W. Albert Noyes, Jr.--Electrolytic reactions by Sherlock Swann, Jr. aBibliographical references.0 aVol. 2-- 0aChemical reactions. 0aCatalysis. 0aPhotochemistry. 0aElectrolysis.1 aKomarewsky, V. I.q(Vasili Ilyich),d1895- 0aTechnique of organic chemistry ;vv. 2.